[Event "Golubitskaya Crimean Dridge"]
[Site "Golubitskaya"]
[Date "2018.05.28"]
[Round "7"]
[White "Pilavov, Georgy"]
[Black "Goncharov, Oleg"]
[Result "1-0"]
[WhiteElo "2611"]
[BlackElo "2392"]
[PlyCount "63"]
[EventDate "2018.05.25"]
[EventType "tourn"]
[EventRounds "9"]
[EventCountry "RUS"]
[EventCategory "2"]
[SourceTitle "CBM 184 Extra"]
[Source "ChessBase"]
[SourceDate "2018.06.28"]
[SourceVersion "1"]
[SourceVersionDate "2018.06.28"]
[SourceQuality "1"]

1. d4 Nf6 2. Nf3 e6 3. c4 b6 4. g3 Bb7 5. Bg2 Be7 6. Nc3 0-0 7. Qc2 c5 8. d5 exd5 9. Ng5 h6 10. Nxd5 Bxd5 11. Bxd5 Nc6 12. Bxc6 dxc6 13. Nf3 Qd7 14. h3 Rad8 15. Kf1 b5 16. Kg2 Rfe8 17. b3 Qe6 18. Bb2 Ne4 19. Rad1 Bf6 20. Bxf6 Rxd1 21. Rxd1 Qxf6 22. Rd7 Re7 23. Rd8+ Kh7 24. a4 b4 25. Qd3 Qf5 26. a5 g6 27. a6 h5 28. Rb8 Rd7 29. Qe3 g5 30. Re8 g4 31. hxg4 hxg4 32. Nh4 1-0

[Event "Golubitskaya Crimean Dridge"]
[Site "Golubitskaya"]
[Date "2018.05.27"]
[Round "6"]
[White "Goncharov, Oleg"]
[Black "Limareva, Anastasiya"]
[Result "1-0"]
[WhiteElo "2392"]
[BlackElo "2176"]
[PlyCount "60"]
[EventDate "2018.05.25"]
[EventType "tourn"]
[EventRounds "9"]
[EventCountry "RUS"]
[EventCategory "2"]
[SourceTitle "CBM 184 Extra"]
[Source "ChessBase"]
[SourceDate "2018.06.28"]
[SourceVersion "1"]
[SourceVersionDate "2018.06.28"]
[SourceQuality "1"]

1. e4 c5 2. c3 d5 3. exd5 Qxd5 4. d4 cxd4 5. cxd4 e5 6. Nc3 Bb4 7. Bd2 Bxc3 8. Bxc3 exd4 9. Qxd4 Qxd4 10. Bxd4 f6 11. 0-0-0 Ne7 12. Bc4 a6 13. Nf3 b5 14. Bb3 Bb7 15. Rhe1 Bxf3 16. gxf3 Nbc6 17. Bc5 Rd8 18. Bd5 Rxd5 19. Rxd5 g5 20. Bxe7 Nxe7 21. Rd6 Kf7 22. Rxa6 Nd5 23. Ree6 Rc8+ 24. Rac6 Rxc6+ 25. Rxc6 Nb4 26. Rb6 Nxa2+ 27. Kd2 Nb4 28. Rxb5 Nc6 29. Rb7+ Kg6 30. b4 h5 1-0

[Event "Golubitskaya Crimean Dridge"]
[Site "Golubitskaya"]
[Date "2018.05.26"]
[Round "3"]
[White "Goncharov, Oleg"]
[Black "Plokhotniuk, Vladimir"]
[Result "1/2-1/2"]
[WhiteElo "2392"]
[BlackElo "2352"]
[PlyCount "37"]
[EventDate "2018.05.25"]
[EventType "tourn"]
[EventRounds "9"]
[EventCountry "RUS"]
[EventCategory "2"]
[SourceTitle "CBM 184 Extra"]
[Source "ChessBase"]
[SourceDate "2018.06.28"]
[SourceVersion "1"]
[SourceVersionDate "2018.06.28"]
[SourceQuality "1"]

1. c4 Nf6 2. Nc3 g6 3. e4 d6 4. Nf3 Bg7 5. d4 0-0 6. Be2 e5 7. dxe5 dxe5 8. Qxd8 Rxd8 9. Bg5 c6 10. Nxe5 Re8 11. 0-0-0 Na6 12. Rd6 Nh5 13. Ng4 Bxg4 14. Bxg4 Bxc3 15. bxc3 Rxe4 16. Bxh5 gxh5 17. Rhd1 Rxc4 18. Bf6 Re8 19. f3 1/2-1/2

[Event "Kiev Ukraine CC"]
[Site "Kiev"]
[Date "2006.11.01"]
[Round "5"]
[White "Sakun, Vladimir"]
[Black "Goncharov, Oleg"]
[Result "1-0"]
[WhiteElo "2310"]
[BlackElo "2235"]
[PlyCount "133"]
[EventDate "2006.10.28"]
[EventType "swiss"]
[EventRounds "9"]
[EventCountry "UKR"]
[SourceTitle "EXT 2023"]
[Source "ChessBase"]
[SourceDate "2022.10.05"]
[SourceVersion "1"]
[SourceVersionDate "2022.10.05"]
[SourceQuality "1"]

1. d4 Nf6 2. Nf3 e6 3. c4 Bb4+ 4. Bd2 Qe7 5. Nc3 0-0 6. Qc2 d6 7. e4 e5 8. d5 Bg4 9. Be2 Nbd7 10. Ng1 Bc5 11. f3 Bh5 12. 0-0-0 c6 13. Bd3 cxd5 14. cxd5 a6 15. g4 Bg6 16. h4 h5 17. g5 Ne8 18. Nge2 b5 19. a3 Nc7 20. b4 Bb6 21. Kb2 Rfc8 22. Qb3 Ra7 23. Rc1 Na8 24. a4 bxa4 25. Nxa4 Rb8 26. Rc6 a5 27. Nxb6 Naxb6 28. Ra1 a4 29. Qc2 a3+ 30. Rxa3 Rxa3 31. Kxa3 Nc5 32. Kb2 Nxd5 33. Rxc5 dxc5 34. exd5 Bxd3 35. Qxd3 cxb4 36. Ng3 b3 37. Ne4 Qa7 38. Nc3 Ra8 39. Kxb3 Qa1 40. Qb5 Qa7 41. Kc2 Qd4 42. Qc6 Rd8 43. Qc7 Rxd5 44. Nxd5 Qxd5 45. Qc8+ Kh7 46. Qf5+ g6 47. Qe4 Qa2+ 48. Kd3 Qb1+ 49. Ke2 Qb5+ 50. Ke1 Qc5 51. Be3 Qc3+ 52. Kf2 Qb2+ 53. Kg3 Qc3 54. Kh3 Qc8+ 55. Kg3 Qc3 56. Bf2 Qc7 57. Kh3 Qc8+ 58. Kg2 Qe6 59. Bg3 Qa2+ 60. Kf1 Qa1+ 61. Kf2 Qb2+ 62. Qe2 Qb6+ 63. Kg2 Qd4 64. Qxe5 Qd2+ 65. Bf2 Qa2 66. Kg3 Kg8 67. Qe8+ 1-0

[Event "Kiev Ukraine CC"]
[Site "Kiev"]
[Date "2006.10.29"]
[Round "2"]
[White "Goncharov, Oleg"]
[Black "Baryshpolets, Andrey"]
[Result "1-0"]
[WhiteElo "2235"]
[BlackElo "2340"]
[PlyCount "113"]
[EventDate "2006.10.28"]
[EventType "swiss"]
[EventRounds "9"]
[EventCountry "UKR"]
[SourceTitle "EXT 2023"]
[Source "ChessBase"]
[SourceDate "2022.10.05"]
[SourceVersion "1"]
[SourceVersionDate "2022.10.05"]
[SourceQuality "1"]

1. e4 c5 2. Na3 d6 3. Bb5+ Bd7 4. Bxd7+ Qxd7 5. d3 Nc6 6. f4 g6 7. Nf3 Bg7 8. c3 Nf6 9. 0-0 0-0 10. Qe1 Rab8 11. Bd2 b5 12. Nc2 a5 13. Rb1 b4 14. Ne3 bxc3 15. bxc3 Rxb1 16. Qxb1 Rb8 17. Qc2 Qb7 18. Nc4 Ne8 19. Be3 e6 20. e5 d5 21. Ncd2 Bf8 22. Rb1 Qa6 23. Rxb8 Nxb8 24. c4 d4 25. Bf2 a4 26. a3 Nd7 27. Bh4 f6 28. exf6 Nexf6 29. Bxf6 Nxf6 30. Ne5 Bd6 31. Ndf3 Qa5 32. Kf2 Qb6 33. Ke2 Qa6 34. Qb2 Kg7 35. g3 Kf8 36. Kd1 Ke7 37. Kc1 Ke8 38. Kc2 Ke7 39. Kb1 Ke8 40. Ka2 Ke7 41. Qe2 Qb7 42. Nd2 Qa8 43. Nef3 Qc6 44. Ng5 Bc7 45. Nde4 Nxe4 46. Nxe4 Ba5 47. Qg4 Qb6 48. Qg5+ Ke8 49. Nxc5 Qc6 50. Ne4 Qb6 51. Qb5+ Qxb5 52. cxb5 Be1 53. Nc5 Ke7 54. Nxa4 Kd6 55. Kb3 Bf2 56. Kc4 Bg1 57. Nc5 1-0